Culture pas trop générale (4 : foot) - Statistiques

Statistiques générales
  • Ce quiz a été pris 296 fois
  • Le résultat moyen est 12 sur 20
Statistiques - réponses
Questions Réponse % Correct
Quel joueur est le recordman du quintuplé le plus rapide (9 min) ? Robert Lewandowski
94%
Combien de buts l'équipe de France a marqué face à Gibraltar en 2023 (record) ? 14
78%
En quel année l'OM a gagné la LDC ? 1993
76%
Combien de titre en Ligue 1 le PSG possède-t-il ? 12
75%
Quel est le seul joueur à avoir remporté 3 CDM ? Pelé
75%
Quel est le seul joueur non anglais à avoir marqué un triplé en finale de CDM ? Kylian Mbappé
69%
Quelle équipe est parvenue à battre le record de points en premier League (97) sans réussir à la gagner ? Liverpool
69%
Quelle équipe réalise un exploit historique en 2009, en remportant 7 trophées ? FC Barcelone
68%
Quel est le joueur qui a marqué le plus de coup franc (77) ? Juninho
67%
Avant que Ronaldo et Messi gagnent tous les ballons d'or, qui l'avait gagné ? kaka
67%
Léo Messi est le recordman du nombre de trophée. Combien en a-t-il ? 46
65%
Quel joueur a le record de but en coupe du monde (16) ? Miroslav Klose
59%
Quel est le joueur qui a marqué le plus de buts sur une édition de CDM (13) ? Just Fontaine
58%
Quel était le surnom du real Madrid au début des années 2000 ? Les galactiques
58%
Qui est le seul gardien à avoir obtenu le ballon d'or ? Lev Yachine
57%
Ronaldo a le record du nombre de buts en LDC. Combien en a-t-il marqué ? 141
48%
Quel est le seul club à avoir remporté la LDC en ayant gagné tous ses matchs ? Bayern Munich
44%
Quel est la chanson emblématique du vestiaire des bleus à la coupe du monde 1998 ? I will survive
35%
Quel équipe a le record d'invincibilité en Europe depuis 1956 (51 matchs) ? Bayer Leverkusen
19%
Quel est le joueur qui a récolté le plus de cartons rouges (46) ? Gérardo Bedoya
2%
Aucun quiz correspondant
Distribution des résultats
% des personnes avec chaque résultat
Percentile par nombre de réponses
Votre historique - résultats
Vous n’avez pas pris ce quiz